000 00309nam a22001217a 4500
008 160425b xxu||||| |||| 00| 0 eng d
020 _a9780781747189
020 _a078174718
041 _aeng
080 _a618.2
245 _aCardiac nursing:
_cSusan L. Woods; Erika S. Sivarajan Froelicher;
942 _2udc
_cBK
999 _c1575
_d1575